| 000 | 00500nam a22001697a 4500 | ||
|---|---|---|---|
| 003 | BD-ChCU | ||
| 005 | 20260108111304.0 | ||
| 008 | 260108b bg ||||| |||| 00| 0 ben d | ||
| 040 | _cBD-ChCU | ||
| 082 | _a330.9 STF | ||
| 100 |
_aStreeten, Paul. _918818 |
||
| 245 |
_aFirst things first : _bmeeting basic human needs in the developing countries. _cPaul Streeten. |
||
| 260 | _bWorld Bank Research Publication. | ||
| 300 | _axii, 206p | ||
| 650 | 0 |
_aDeveloping Areas. _918819 |
|
| 942 |
_2ddc _cBK _n0 |
||
| 999 |
_c110816 _d110816 |
||